| 000 | 00394nam a2200157Ia 4500 | ||
|---|---|---|---|
| 008 | 230524s9999 xx 000 0 und d | ||
| 082 |
_a621.3815 _bGUP |
||
| 100 | _aJ.B.Gupta | ||
| 245 | 0 | _aElectrical Measurements & Measuring Instruments | |
| 250 | _a1ST | ||
| 260 |
_aNEW DELHI _bKataria _c2003 |
||
| 300 | _aXI;460 | ||
| 500 | _aQuantity Number: 2 | ||
| 650 | _aElectrical | ||
| 942 | _cBK | ||
| 999 |
_c32030 _d32030 |
||